header

Scoliosis (Record no. 60412)

MARC details
000 -LEADER
fixed length control field 01459nam a2200361 a 4500
245 00 - TITLE STATEMENT
Title Scoliosis
260 ## - PUBLICATION, DISTRIBUTION, ETC. (IMPRINT)
Place of publication New York :
Name of publisher Nova Science Publishers, Inc.,
Year of publication 2012.
300 ## - PHYSICAL DESCRIPTION
Number of Pages x, 171 p. :
Other physical details ill. (some col.).
490 1# - SERIES STATEMENT
Series statement Human anatomy and physiology
Series statement Physiology-laboratory and clinical research
650 #0 - SUBJECT ADDED ENTRY--TOPICAL TERM
Topical Term Scoliosis.
Topical Term Scoliosis
700 1# - ADDED ENTRY--PERSONAL NAME
Personal name Bessette, Absolon.
Personal name Rousseau, Coralie M.
856 40 - ELECTRONIC LOCATION AND ACCESS
Uniform Resource Identifier http://site.ebrary.com/lib/rucke/Doc?id=10681188

No items available.

© 2026 Rongo University
Contact us: librarian | system librarian | Rongo university